000 00625nam a2200217 i 4500
001 13094
003 ES-MaACL
005 20230906150505.0
007 t|
008 971125s1997 xxk ||||1| spa d
020 _a0-521-47834-0
080 _a17
080 _a502.74
100 1 _aCarruthers, Peter.
_935854
245 1 3 _aLa cuestión de los animales
_b: teoría de la moral aplicada /
_cPeter Carruthers.
250 _a1ª ed. en esp.
260 _aCambridge :
_bUniversity Press,
_ccop. 1995.
300 _aXII, 246 p. ;
_c22 cm.
650 1 4 _aAnimales-
_xDerechos.
_99834
852 _aES-MaACL
_jL-20376
_bR.125252
999 _c13094
_d13094